Estudio empr̕ico sobre el maltrato a la mujer una serie de 338 casos /

Bibliographic Details
Main Author: Morilos Cueva, Lorenzo
Other Authors: Morillas Cueva, Lorenzo (coaut.)
Format: Book
Language:Spanish
Published: Madrid : Dykinson, D.L. 2006.
Subjects:
Online Access:Acceso restringido

MARC

LEADER 00000cam a2200000 i 4500
005 20111104144645.0
008 061010s2006 sp d 000 0 spa d
017 |a D.L.SE2769-06 
020 |a 84-9772-868-8 
035 |a 5961 
040 |a SpMaUCDE  |d BUS  |d vLex 
080 |a 343.62-055.2(460) 
090 |c 2742  |d 2742 
100 1 |a Morilos Cueva, Lorenzo 
245 0 0 |a Estudio empr̕ico sobre el maltrato a la mujer   |h [Recurso electrn̤ico] :  |b una serie de 338 casos /  |c Lorenzo Morillas Cueva... [et al.] 
246 3 4 |a Sobre el maltrato a la mujer. 
256 |a Servicio en ln̕ea. 
260 |a Madrid :  |b Dykinson,  |c D.L. 2006. 
300 |a 1 recurso electrn̤ico 
500 |a Tt̕. de la cub.: Sobre el maltrato a la mujer. 
504 |a Bibliog. 
506 1 |a Contenido solo disponible en los productos indicados  |d vLex Global  |d vLex Global (Academic Edition, excluding Law Schools)  |d vLex Global (U.S. Academic Edition, Law Schools)  |d vLex Global (U.S. Academic Edition, excluding Law Schools)  |d vLex Global (Academic Edition, Law Schools) 
650 0 4 |a Violencia con las mujeres  |x Derecho  |z Espaą. 
700 1 |a Morillas Cueva, Lorenzo,  |e coaut. 
740 0 |a vLex Libros (Servicio en ln̕ea) 
856 4 0 |z Acceso restringido  |u http://vlex.com/source/estudio-empirico-maltrato-mujer-5961 
942 |c BOOK